[Event "Canarias-ch"]
[Site "Vecindario"]
[Date "2016.05.29"]
[Round "4.1"]
[White "Castaneda Castillo, Eder"]
[Black "Alvarado Diaz, Alejandro"]
[Result "0-1"]
[WhiteElo "1863"]
[BlackElo "2422"]
[PlyCount "82"]
[EventDate "2016.05.27"]
[EventType "swiss"]
[EventRounds "6"]
[EventCountry "ESP"]
[SourceTitle "EXT 2024"]
[Source "ChessBase"]
[SourceDate "2023.10.10"]
[SourceVersion "1"]
[SourceVersionDate "2023.10.10"]
[SourceQuality "1"]

1. e4 c5 2. Nf3 e6 3. c3 Nf6 4. Qc2 b6 5. d4 Bb7 6. Bd3 cxd4 7. cxd4 Nc6 8. a3 Rc8 9. Nc3 d5 10. e5 Ne4 11. 0-0 Nxc3 12. bxc3 Na5 13. Bxh7 Qc7 14. Bg6 Be7 15. Bd2 Ba6 16. Bd3 Bxd3 17. Qxd3 Qc4 18. Qb1 Nb3 19. Ra2 Nxd2 20. Nxd2 Qxc3 21. Qb5+ Qc6 22. Qd3 0-0 23. Qg3 Qc3 24. Nf3 Qd3 25. Qf4 Rc4 26. Rd2 Qe4 27. Qg3 Rc3 28. h4 Rfc8 29. Ra2 b5 30. h5 Rc1 31. Ra1 Rxf1+ 32. Rxf1 Rc3 33. Ra1 a5 34. Kh1 a4 35. Kh2 Bxa3 36. Qg5 Bf8 37. Nh4 Qh7 38. g4 Qh6 39. f4 Qxg5 40. fxg5 Be7 41. g6 Bxh4 0-1

[Event "Tenerife-chT Primera 1314"]
[Site "Tenerife"]
[Date "2014.02.22"]
[Round "8.3"]
[White "Gutierrez Garcia, Ramon"]
[Black "Castaneda Castillo, Eder"]
[Result "0-1"]
[WhiteElo "1512"]
[BlackElo "1796"]
[PlyCount "60"]
[EventDate "2013.12.14"]
[EventType "team-tourn"]
[EventRounds "14"]
[EventCountry "ESP"]
[SourceTitle "EXT 2015"]
[Source "ChessBase"]
[SourceDate "2014.11.20"]
[SourceVersion "1"]
[SourceVersionDate "2014.11.20"]
[SourceQuality "1"]
[WhiteTeam "La Victoria 94"]
[BlackTeam "Casa de Venezuela"]
[WhiteTeamCountry "ESP"]
[BlackTeamCountry "ESP"]

1. d4 d5 2. c4 e6 3. cxd5 exd5 4. Nc3 c6 5. g3 Bd6 6. Bg2 Nf6 7. Bg5 h6 8. Bxf6 Qxf6 9. Nf3 Bf5 10. Rc1 g5 11. e3 Nd7 12. a3 h5 13. h4 g4 14. Nd2 Bg6 15. 0-0 0-0 16. Ne2 Rfe8 17. Qb3 Rab8 18. Qc3 Re7 19. f3 Rbe8 20. e4 Qg7 21. e5 Nxe5 22. dxe5 Bxe5 23. Qb3 Bxb2 24. Rcd1 Rxe2 25. fxg4 Qd4+ 26. Kh1 Rxd2 27. Rde1 Rde2 28. Rxe2 Rxe2 29. gxh5 Be4 30. Bf3 Qd2 0-1

[Event "Tenerife-chT Primera 1314"]
[Site "Tenerife"]
[Date "2014.01.18"]
[Round "3.4"]
[White "Rodriguez Redondo, Adhara"]
[Black "Castaneda Castillo, Eder"]
[Result "1/2-1/2"]
[WhiteElo "1412"]
[BlackElo "1796"]
[PlyCount "96"]
[EventDate "2013.12.14"]
[EventType "team-tourn"]
[EventRounds "14"]
[EventCountry "ESP"]
[SourceTitle "EXT 2015"]
[Source "ChessBase"]
[SourceDate "2014.11.20"]
[SourceVersion "1"]
[SourceVersionDate "2014.11.20"]
[SourceQuality "1"]
[WhiteTeam "Cajacanarias Tenerife"]
[BlackTeam "Casa de Venezuela"]
[WhiteTeamCountry "ESP"]
[BlackTeamCountry "ESP"]

1. e4 e5 2. Nf3 Nc6 3. Bc4 d6 4. c3 Be7 5. d3 Nf6 6. Nbd2 0-0 7. Bb3 Na5 8. Bc2 c5 9. 0-0 b5 10. a3 Nc6 11. Re1 a5 12. b3 Bg4 13. Bb2 b4 14. axb4 axb4 15. Rxa8 Qxa8 16. Qa1 Qb7 17. c4 Ra8 18. Qc1 Ne8 19. h3 Bh5 20. Nh2 Bg5 21. Nhf1 Nc7 22. Ng3 Bg6 23. Qd1 Ne6 24. Ndf1 Ncd4 25. Ne3 Ra2 26. Qb1 Qa8 27. Bd1 h6 28. Nd5 Bd2 29. Re3 Nf4 30. Nb6 Qa7 31. Na4 Rxa4 32. bxa4 Bxe3 33. fxe3 Nfe2+ 34. Nxe2 Nxe2+ 35. Bxe2 Qxa4 36. Bd1 Qc6 37. Qc2 f6 38. Bf3 Be8 39. d4 Qa6 40. dxc5 dxc5 41. Be2 Qd6 42. Qd3 Qe7 43. Qd5+ Kh7 44. Bg4 Bf7 45. Qd7 Qxd7 46. Bxd7 Bxc4 47. Kf2 Bd3 48. Bc1 c4 1/2-1/2